Clinical Handbook for Brunner and Suddarth's (Record no. 188)

MARC details
000 -LEADER
Fixed length control field 00664nam a2200217Ia 4500
003 - CONTROL NUMBER IDENTIFIER
Control field IIN
005 - DATE AND TIME OF LATEST TRANSACTION
Control field 20240103114638.0
008 - FIXED-LENGTH DATA ELEMENTS--GENERAL INFORMATION
Fixed length control field 231217s9999 xx 000 0 und d
020 ## - INTERNATIONAL STANDARD BOOK NUMBER / ISBN
Price Rs.799.00
International Standard Book Number 9789389335651
040 ## - CATALOGING SOURCE
Original cataloging agency IIN
Language of cataloging English
082 ## - DEWEY DECIMAL CLASSIFICATION NUMBER
Classification number 610.73677
Book Number KEA
100 1# - MAIN ENTRY--PERSONAL NAME
Personal name Kear, Tamara
245 ## - TITLE STATEMENT
Title Clinical Handbook for Brunner and Suddarth's
Sub title Textbook of Medical- Surgical Nursing
Statement of responsibility Tamara Kear and S. Madhavi
250 ## - EDITION STATEMENT
Edition statement 14th ed
260 ## - IMPRINT
Name of publisher Wolters Kluwer
Place of publication Gurgaon/ New Delhi
Date of publication 2019
300 ## - PHYSICAL DESCRIPTION
Page / Vol. No "xv, 854 p."
650 ## - SUBJECT ADDED ENTRY--TOPICAL TERM
Topical term Medical Surgical
Form subdivision Nursing
650 ## - SUBJECT ADDED ENTRY--TOPICAL TERM
Topical term Medical Surgical
Form subdivision Clinical Handbook
700 1# - ADDED ENTRY--PERSONAL NAME
Personal name Madhavi, S
942 ## - ADDED ENTRY ELEMENTS (KOHA)
Koha item type Books
Holdings
Withdrawn status Lost status Source of classification Damaged status Not for loan Collection code Home library Current library Date acquired Price Total Checkouts Call number Accession number Date last seen Price effective from Koha item type
    Dewey Decimal Classification       IDEAL INSTITUTE OF NURSING IDEAL INSTITUTE OF NURSING 17/12/2023 799.00   610.73677 KEA 183 17/12/2023 17/12/2023 Books
    Dewey Decimal Classification       IDEAL INSTITUTE OF NURSING IDEAL INSTITUTE OF NURSING 17/12/2023 799.00   610.73677 KEA 184 17/12/2023 17/12/2023 Books
    Dewey Decimal Classification       IDEAL INSTITUTE OF NURSING IDEAL INSTITUTE OF NURSING 17/12/2023 799.00   610.73677 KEA 185 17/12/2023 17/12/2023 Books
    Dewey Decimal Classification       IDEAL INSTITUTE OF NURSING IDEAL INSTITUTE OF NURSING 17/12/2023 799.00   610.73677 KEA 186 17/12/2023 17/12/2023 Books
    Dewey Decimal Classification       IDEAL INSTITUTE OF NURSING IDEAL INSTITUTE OF NURSING 17/12/2023 799.00   610.73677 KEA 187 17/12/2023 17/12/2023 Books
© Ideal Institute Of Nursing, All rights reserved.         Powered by Koha